Online
Catalog

Ángeles o demonios? : (Record no. 14084)

MARC details
000 -CABECERA
campo de control de longitud fija 00935cam a2200277 a 4500
001 - NÚMERO DE CONTROL
campo de control 000014495
005 - FECHA Y HORA DE LA ÚLTIMA TRANSACCIÓN
campo de control 20200929163846.0
008 - DATOS DE LONGITUD FIJA--INFORMACIÓN GENERAL
campo de control de longitud fija 970625s1995 ec b 000 0 spa d
020 ## - NÚMERO INTERNACIONAL ESTÁNDAR DEL LIBRO
Número Internacional Estándar del Libro 997850026X
035 ## - NÚMERO DE CONTROL DEL SISTEMA
Número de control de sistema (DLC) 97165831
035 ## - NÚMERO DE CONTROL DEL SISTEMA
Número de control de sistema (OCoLC)36481184
040 ## - FUENTE DE LA CATALOGACIÓN
Centro catalogador/agencia de origen DO-SdBNP
Centro/agencia transcriptor FMU
Centro/agencia modificador DLC
082 ## - NÚMERO DE LA CLASIFICACIÓN DECIMAL DEWEY
Número de clasificación 305.48
Número de documento/Ítem L847a
049 ## - FONDOS LOCALES (OCLC)
Fondos de biblioteca BNGR
100 1# - ENTRADA PRINCIPAL--NOMBRE DE PERSONA
Nombre de persona Londoño López, Jenny,
Fechas asociadas al nombre 1952-
9 (RLIN) 32735
245 10 - MENCIÓN DE TÍTULO
Título Ángeles o demonios? :
Resto del título las mujeres y la iglesia en la audiencia de Quito /
Mención de responsabilidad, etc. Jenny Londono López.
260 ## - PUBLICACIÓN, DISTRIBUCIÓN, ETC.
Lugar de publicación, distribución, etc. Quito :
Nombre del editor, distribuidor, etc. Universidad Estatal de Bolívar ;
-- Centro para el Desarrollo Social,
Fecha de publicación, distribución, etc. 1995.
300 ## - DESCRIPCIÓN FÍSICA
Extensión 121 p. ;
Dimensiones 15 cm.
490 1# - MENCIÓN DE SERIE
Mención de serie Todo es historia
Designación de volumen o secuencia 3
504 ## - NOTA DE BIBLIOGRAFÍA, ETC.
Nota de bibliografía, etc. Incluye referencias bibliográficas.
650 #4 - PUNTO DE ACCESO ADICIONAL DE MATERIA--TÉRMINO DE MATERIA
Término de materia o nombre geográfico como elemento de entrada Mujeres en el cristianismo
9 (RLIN) 13248
651 #4 - PUNTO DE ACCESO ADICIONAL DE MATERIA--NOMBRE GEOGRÁFICO
Nombre geográfico Ecuador
9 (RLIN) 26287
650 #4 - PUNTO DE ACCESO ADICIONAL DE MATERIA--TÉRMINO DE MATERIA
Término de materia o nombre geográfico como elemento de entrada Roles sexuales
9 (RLIN) 5380
830 #0 - PUNTO DE ACCESO ADICIONAL DE SERIE-TÍTULO UNIFORME
Título uniforme Todo es historia ;
Designación de volumen o secuencia 3
9 (RLIN) 13253
910 ## - DATOS DE OPCIÓN DEL USUARIO (OCLC)
Datos de opción del usuario Catalogación por copia / LC
Holdings
Estado de retiro Estado de pérdida Restricciones de uso No para préstamo Código de colección Localización permanente Ubicación/localización actual Ubicación en estantería Fecha de adquisición Número de inventario Total de préstamos Signatura topográfica completa Código de barras Fecha visto por última vez Precio válido a partir de Tipo de ítem Koha Número de copia
      Excluido de préstamo Monografías: Libros y Folletos General General En catalogación 12.01.2010 LF1   305.48 L847a 14495-10 25.06.2020 25.06.2020 No se presta  
      Excluido de préstamo Monografías: Libros y Folletos General General En catalogación 12.01.2010 LF1   305.48 L847a 14495-20 25.06.2020 25.06.2020 No se presta e. 2
    Préstamo interno   Monografías: Libros y Folletos General General En catalogación 12.01.2010 LF1   305.48 L847a 14495-30 25.06.2020 25.06.2020 Préstamo interno e. 3
    Préstamo interno   Monografías: Libros y Folletos General General En catalogación 06.12.2010 LF1   305.48 L847a 14495-40 25.06.2020 25.06.2020 Préstamo interno e. 4

Powered by Koha